000 00486nam a2200169Ia 4500
999 _c65622
_d65622
003 GCL
005 20240530110835.0
008 140319s9999 xx 000 0 eng d
040 _aGCL /
_cGCL
082 0 4 _a700.942
_bF C
100 1 _aFORD, BORIS
245 1 0 _aThe Cambridge Guide to the Arts in Britian : VOLUME 7 THE LATER VICTORIAN AGE. /
_cFORD, BORIS
260 _a[S.N] :
_bCOMBRIDGE UNIVERSITY PRESS ،
_c1988
300 _a363
650 0 4 _aART, ENGLAND
942 _2ddc
_cBK